Rapid determination of dry rubber content in rubber latex by Spin-eco technique (Record no. 50996)

MARC details
000 -LEADER
fixed length control field 00515nam a2200145Ia 4500
100 ## - MAIN ENTRY--AUTHOR NAME
Personal name Gambhir P.N.
245 #0 - TITLE STATEMENT
Title Rapid determination of dry rubber content in rubber latex by Spin-eco technique
260 ## - PUBLICATION, DISTRIBUTION, ETC. (IMPRINT)
Name of publisher 13th International Conference on Magnetic Resonance in Biological Systems, 14-19 August 1988, University of Wisconsin, USA.
Year of publication 1988
650 ## - SUBJECT ADDED ENTRY--TOPICAL TERM
Topical Term DRC estimation
650 ## - SUBJECT ADDED ENTRY--TOPICAL TERM
Topical Term Spineco technique
700 ## - ADDED ENTRY--PERSONAL NAME
Personal name Mani J.
700 ## - ADDED ENTRY--PERSONAL NAME
Personal name Tiwari P.N.
942 ## - ADDED ENTRY ELEMENTS (KOHA)
Koha item type Bibliography STAF
Holdings
Withdrawn status Lost status Damaged status Not for loan Home library Current library Shelving location Date acquired Koha item type
      Bibliography RRII Library RRII Library Rubber chemistry 09/04/2014 Bibliography STAF